[Event "Stay Safe Play From Home 130"]
[Site "T#645803Emanuel Laske"]
[Date "2020.05.07"]
[Round "4"]
[White "Onlyforchess"]
[Black "Kubas"]
[Result "1-0"]
[WhiteElo "2523"]
[BlackElo "2436"]
[Annotator "TA"]
[PlyCount "21"]
[EventDate "2020.05.07"]
[EventType "swiss (blitz)"]

{[%evp 14,20,0,0,740,738,29998,29999,29999]} 1. e4 e5 2. Nf3 Nc6 3. d4 exd4 4. Bc4 Nf6 5. O-O Nxe4 6. Re1 d5 7. Bxd5 Qxd5 {[#]} 8. Nc3 $1 {[%cal Rc3d5,Bb1c3,Bc3e4,Be4f6][%mdl 608] Pin} Qd6 $2 {[%mdl 8192] 8...Qh5 is a critical line. C56: Two Knights: 4 d4 exd4 5 0-0 Nxe4.} (8... Qa5 $11 9. Nxe4 Be6) (8... dxc3 9. Qxd5) 9. Nxe4 $18 {White threatens Nf6+! and mate.} Qg6 {[#]} 10. Nf6+ $1 {[%mdl 576] Discovered Attack (Double check)} Kd8 11. Re8# {Black got outplayed after the opening} 1-0

[Event "Stay Safe Play From Home 130"]
[Site "T#645803Emanuel Laske"]
[Date "2020.05.07"]
[Round "4"]
[White "Mepe_Nika"]
[Black "Shatarchin7"]
[Result "1-0"]
[WhiteElo "2338"]
[BlackElo "2172"]
[Annotator "TA"]
[PlyCount "143"]
[EventDate "2020.05.07"]
[EventType "swiss (blitz)"]

{[%evp 11,142,-2,22,18,16,19,16,15,36,-95,22,12,14,7,45,43,56,53,47,56,66,75,75,16,6,10,52,22,31,29,15,16,25,10,20,23,541,539,600,606,600,611,592,551,608,601,602,559,551,554,675,672,681,669,655,0,660,606,625,615,882,905,892,867,833,800,802,733,790,805,808,809,1351,1631,1207,1697,2110,1178,1297,968,986,976,2272,2240,2065,1966,1615,1404,9280,7215,5915,4134,29978,29979,29984,29981,29990,29991,29992,29990,29992,29992,29993,29994,29994,29992,29993,29994,29994,29990,29990,29989,29989,29988,29993,29994,29994,29995,29995,29995,29995,29996,29996,29997,29997,29997,29997,29997,29997,29998,29998,29999,29999]} 1. d4 Nf6 2. Bf4 d5 3. e3 c5 4. c3 Nc6 5. Nd2 e6 6. Ngf3 cxd4 7. exd4 {D02: 1 d4 d5 2 Nf3 sidelines, including 2...Nf6 3 g3 and 2...Nf6 3 Bf4.} Nh5 8. Be3 Bd6 9. Ne5 {The position is equal.} Nf6 {[#]} 10. Be2 $146 (10. f4 $14 {keeps the upper hand.}) ({Predecessor:} 10. Ndf3 Qc7 11. Bf4 Nd7 12. Qe2 O-O 13. g3 Re8 14. Bg2 f6 15. Nxd7 Bxd7 16. Bxd6 Qxd6 {½-½ (67) Karjakin,S (2783)-Nakamura,H (2786) chess.com INT 2017}) 10... O-O (10... Nxe5 $17 11. dxe5 Bxe5) 11. Nd3 Ne4 12. O-O f5 {Black wants to play ...f4.} 13. Bf4 Bxf4 14. Nxf4 g5 15. Nd3 g4 16. f3 gxf3 17. Bxf3 (17. Nxf3 $16 Rf7 18. Qc1) 17... Qg5 $11 18. Nb3 Bd7 19. Nbc5 Bc8 20. Qc1 (20. Qe1 {feels hotter.} Qe7 21. Nf4 b6 22. Ncd3 Ba6 23. Be2) 20... Qxc1 21. Raxc1 (21. Nxc1 {seems wilder.} Nxc5 22. dxc5 Rd8 23. Rd1 Kg7 24. Ne2) 21... b6 22. Nb3 Ba6 23. Be2 Nd2 $2 {[%mdl 8192] [#] Black is on the road to losing.} (23... Bc4 $11) 24. Nxd2 $18 e5 25. dxe5 Nxe5 26. Nxe5 Bxe2 27. Rf4 Bh5 28. Rcf1 Bg6 29. Nxg6 hxg6 30. g4 Rfe8 31. gxf5 Re2 32. R1f2 Re1+ 33. Rf1 Re2 34. R4f2 Rxf2 35. Kxf2 {[%mdl 4096] Endgame KRN-KR} g5 36. Ke3 Kf7 37. Kd4 Kf6 38. Nb3 a5 39. Kd3 a4 40. Nd4 Re8 41. Rf2 Rb8 42. Re2 b5 43. Re6+ Kf7 44. Rd6 b4 45. Rxd5 a3 46. bxa3 bxa3 47. Ra5 Rb2 48. Rxa3 Rxh2 49. Kc4 Rh4 50. Ra6 g4 51. Rg6 Ke7 52. a4 {White mates.} Kd7 53. a5 Kc7 54. Kc5 g3 55. Rxg3 Rh6 56. Rg7+ Kd8 57. Ne6+ Kc8 58. Kd6 Rh4 59. a6 {[%cal Rg7g8,Ba5a6,Ba6a7][%mdl 32]} Kb8 60. a7+ Ka8 {[#]} 61. c4 $1 Rxc4 62. Ke7 Rc7+ 63. Nxc7+ Kxa7 64. f6 Kb6 65. f7 Kxc7 66. f8=Q Kc6 67. Qf5 Kb6 68. Kf6 Kc6 69. Rg6 Kb6 70. Kg5+ Kc7 71. Qf7+ Kc8 72. Rg8# {Accuracy: White = 72%, Black = 60%.} 1-0

[Event "Stay Safe Play From Home 130"]
[Site "T#645803Emanuel Laske"]
[Date "2020.05.07"]
[Round "4"]
[White "Indianquant"]
[Black "SoulofWolf"]
[Result "1-0"]
[WhiteElo "2311"]
[BlackElo "2192"]
[Annotator "NA RC"]
[PlyCount "73"]
[EventDate "2020.05.07"]
[EventType "swiss (blitz)"]

1. Nf3 {[%emt 0:00:02]} c5 {[%emt 0:00:00]} 2. c4 {[%emt 0:00:01]} e6 {[%emt 0:00:00]} 3. Nc3 {[%emt 0:00:01]} Nf6 {[%emt 0:00:00]} 4. g3 {[%emt 0:00:01]} Be7 {[%emt 0:00:00]} 5. Bg2 {[%emt 0:00:01]} O-O {[%emt 0:00:00]} 6. O-O {[%emt 0:00:01]} Nc6 {[%emt 0:00:00]} 7. d4 {[%emt 0:00:03]} cxd4 {[%emt 0:00:00]} 8. Nxd4 {[%emt 0:00:00]} Qc7 {[%emt 0:00:01]} 9. b3 {[%emt 0:00:01]} a6 {[%emt 0:00:01]} 10. Bb2 {[%emt 0:00:01]} d5 {[%emt 0:00:00]} 11. cxd5 {[%emt 0:00:01]} exd5 {[%emt 0:00:00]} 12. Rc1 {[%emt 0:00:01]} Rd8 {[%emt 0:00:00]} 13. Na4 {[%emt 0:00:01]} Bg4 {[%emt 0:00:01]} 14. h3 {[%emt 0:00:01]} Bh5 {[%emt 0:00:01]} 15. Qd3 {[%emt 0:00:02]} Bg6 {[%emt 0:00:01]} 16. Nf5 {[%emt 0:00:00]} Bf8 {[%emt 0:00:02]} 17. Bxf6 {[%emt 0:00:02]} gxf6 {[%emt 0:00:01]} 18. Qf3 {[%emt 0:00:01]} Qd7 {[%emt 0:00:04]} 19. Nh4 {[%emt 0:00:03]} Ne5 {[%emt 0:00:01]} 20. Qf4 {[%emt 0:00:01]} b5 {[%emt 0:00:06]} 21. Nb6 {[%emt 0:00:01]} Qb7 {[%emt 0:00:02]} 22. Nxa8 {[%emt 0:00:01]} Rxa8 {[%emt 0:00:00]} 23. Rfd1 {[%emt 0:00:01]} Rd8 {[%emt 0:00:01]} 24. Nf5 {[%emt 0:00:02]} Ba3 {[%emt 0:00:01]} 25. Rc2 {[%emt 0:00:03]} Qd7 {[%emt 0:00:03]} 26. Nd4 {[%emt 0:00:02]} Bd6 {[%emt 0:00:02]} 27. Qxf6 {[%emt 0:00:02]} Bxc2 {[%emt 0:00:02]} 28. Nxc2 {[%emt 0:00:03]} Qe6 {[%emt 0:00:02]} 29. Qxd8+ {[%emt 0:00:03]} Kg7 {[%emt 0:00:00]} 30. Qg5+ {[%emt 0:00:01]} Ng6 {[%emt 0:00:01]} 31. Nd4 {[%emt 0:00:01]} Qd7 {[%emt 0:00:01]} 32. Nf5+ {[%emt 0:00:01]} Kf8 {[%emt 0:00:01]} 33. Rxd5 {[%emt 0:00:01]} Ne5 {[%emt 0:00:04]} 34. Rxd6 {[%emt 0:00:01]} Qe8 {[%emt 0:00:02]} 35. Rd8 {[%emt 0:00:01]} Ng6 {[%emt 0:00:02]} 36. Qf6 {[%emt 0:00:04]} a5 {[%emt 0:00:02]} 37. Qg7# {[%emt 0:00:01] (Lag: Av=0.48s, max=0.6s)} 1-0

[Event "Stay Safe Play From Home 130"]
[Site "T#645803Emanuel Laske"]
[Date "2020.05.07"]
[Round "4"]
[White "Chessencounter"]
[Black "Lamborghini"]
[Result "0-1"]
[WhiteElo "2095"]
[BlackElo "2302"]
[Annotator "TA"]
[PlyCount "132"]
[EventDate "2020.05.07"]
[EventType "swiss (blitz)"]

{[%evp 9,132,4,4,0,14,21,25,-11,18,-54,-75,-116,-105,-113,-118,-144,-77,-103,-103,-104,-100,-143,-122,-106,-94,-98,-89,-88,-81,-161,-99,-153,-143,-195,-152,-177,-174,-356,-349,-347,-334,-336,-337,-488,-179,-683,-703,-1881,-962,-956,-947,-910,-910,-882,-833,-777,-736,-896,-871,-1040,-1070,-1018,-987,-1445,-1473,-1232,-1068,-1555,-1473,-1572,-1617,-29973,-29970,-29974,-29975,-29976,-29976,-29975,-29976,-29963,-5804,-29984,-29985,-29985,-29986,-29986,-29987,-29988,-29989,-29990,-29991,-29991,-29992,-29992,-29993,-29993,-29993,-29993,-29993,-29993,-29993,-29993,-29994,-29994,-29995,-29995,-29995,-29995,-29995,-29995,-29996,-29996,-29996,-29996,-29996,-29996,-29996,-29996,-29997,-29997,-29998,-29998,-29998,-29998,-29998]} 1. g3 g6 2. Bg2 Bg7 3. Nf3 Nf6 4. e4 O-O 5. e5 Ne8 6. d4 {A05: Réti Opening: 1 Nf3 Nf6.} d6 7. O-O Nc6 {[#]} 8. Re1 $146 {White has an edge.} ({Predecessor:} 8. exd6 exd6 9. Bg5 Nf6 10. Qc1 Bg4 11. Qf4 Bxf3 12. Bxf3 h6 13. Bxf6 Qxf6 14. Qxf6 Bxf6 {1-0 (61) Czebe,A (2413)-Jablonicky,M (2343) Skalica 2019}) 8... Bg4 9. c3 (9. Qd2 $11) 9... dxe5 $15 10. dxe5 Qxd1 11. Rxd1 Nxe5 12. Nbd2 {[%cal Bb1d2,Bd2e4,Be4c5,Bc5d3,Bd3f4][%mdl 32]} Nd3 (12... Rd8 $142 13. Rf1 Nd3) 13. Ne4 Nxc1 14. Raxc1 Nd6 15. Nc5 b6 16. Nd3 Rad8 17. h3 Bxf3 18. Bxf3 e6 19. Nf4 {[#]} (19. Nb4 $17) 19... Nc4 (19... Bh6 $1 $19 {Threatens to win with ...e5.} 20. Rc2 Bxf4 21. gxf4 Nf5) 20. b3 (20. Rc2 $142) 20... Ne5 $36 {[%mdl 2048] Keeping White busy.} 21. Kg2 (21. Be2 $17) 21... Bh6 22. Rxd8 Rxd8 23. Re1 $2 (23. Rd1 Rxd1 24. Bxd1) 23... Bxf4 $19 24. gxf4 {[%mdl 4096] Endgame KRB-KRN} Nd3 25. Re4 f5 26. Ra4 (26. Rd4 $142 Rxd4 27. cxd4) 26... a5 $2 (26... Ne1+ 27. Kf1 Nxf3 28. Rxa7 Rd7) 27. Rc4 $2 (27. Be2) 27... c5 28. a4 Nb2 29. Be2 Nxc4 30. Bxc4 {KR-KB} Kf7 31. Kf3 Kf6 32. Ke3 Rd6 33. f3 h6 34. h4 e5 35. fxe5+ Kxe5 36. f4+ Kf6 37. Bd3 Rd7 38. Be2 Re7+ 39. Kf3 g5 40. fxg5+ hxg5 41. hxg5+ Kxg5 42. Bc4 f4 43. Bd5 Re3+ 44. Kf2 Rxc3 45. Bc4 {[#]} Rxc4 $1 {Black mates.} 46. bxc4 {KP-KP} Kg4 47. Ke2 f3+ 48. Ke3 Kg3 49. Kd2 f2 50. Ke2 Kg2 51. Ke3 f1=Q 52. Ke4 Qxc4+ 53. Ke5 Qxa4 54. Kd6 Qb4 55. Kc7 c4 56. Kc6 c3 57. Kb7 b5 {[%cal Bb6b5,Bb5b4,Bb4b3,Bb3b2][%mdl 32]} 58. Ka6 a4 {[%cal Ba5a4,Ba4a3,Ba3a2][%mdl 32]} 59. Kb6 Qc4 60. Ka5 a3 61. Kb6 b4 62. Ka5 b3 63. Kb6 b2 64. Ka5 a2 65. Kb6 Kf3 66. Ka5 Ke4 {Accuracy: White = 30%, Black = 72%.} 0-1

[Event "Stay Safe Play From Home 130"]
[Site "T#645803Emanuel Laske"]
[Date "2020.05.07"]
[Round "4"]
[White "Haxhi Baha"]
[Black "rohit2007"]
[Result "0-1"]
[WhiteElo "2055"]
[BlackElo "2182"]
[Annotator "NA"]
[PlyCount "72"]
[EventDate "2020.05.07"]
[EventType "swiss (blitz)"]

1. e4 {[%emt 0:00:01]} c5 {[%emt 0:00:00]} 2. Nf3 {[%emt 0:00:01]} d6 {[%emt 0:00:00]} 3. d4 {[%emt 0:00:01]} cxd4 {[%emt 0:00:00]} 4. Nxd4 {[%emt 0:00:00]} Nf6 {[%emt 0:00:00]} 5. Nc3 {[%emt 0:00:01]} a6 {[%emt 0:00:00]} 6. f4 {[%emt 0:00:01]} e5 {[%emt 0:00:01]} 7. Nb3 {[%emt 0:00:01]} exf4 {[%emt 0:00:01]} 8. Bxf4 {[%emt 0:00:02]} Nc6 {[%emt 0:00:00]} 9. Qf3 {[%emt 0:00:01]} Ne5 {[%emt 0:00:02]} 10. Qg3 {[%emt 0:00:01]} Qc7 {[%emt 0:00:01]} 11. Be2 {[%emt 0:00:01]} Ng6 {[%emt 0:00:01]} 12. Be3 {[%emt 0:00:02]} Be7 {[%emt 0:00:02]} 13. h4 {[%emt 0:00:01]} O-O {[%emt 0:00:02]} 14. h5 {[%emt 0:00:01]} Ne5 {[%emt 0:00:00]} 15. O-O-O {[%emt 0:00:03]} b5 {[%emt 0:00:01]} 16. Bf3 {[%emt 0:00:03]} Bb7 {[%emt 0:00:01]} 17. Nd5 {[%emt 0:00:01]} Nxd5 {[%emt 0:00:01]} 18. exd5 {[%emt 0:00:00]} Bf6 {[%emt 0:00:00]} 19. Nd4 {[%emt 0:00:03]} Nc4 {[%emt 0:00:01]} 20. Bg5 {[%emt 0:00:07]} Bxg5+ {[%emt 0:00:04]} 21. Qxg5 {[%emt 0:00:01]} Qd8 {[%emt 0:00:03]} 22. Qg3 {[%emt 0:00:03]} Qf6 {[%emt 0:00:01]} 23. h6 {[%emt 0:00:07]} g6 {[%emt 0:00:02]} 24. Rhf1 {[%emt 0:00:02]} Qe5 {[%emt 0:00:01]} 25. Qxe5 {[%emt 0:00:04]} Nxe5 {[%emt 0:00:01]} 26. Nc6 {[%emt 0:00:02]} Bxc6 {[%emt 0:00:02]} 27. dxc6 {[%emt 0:00:00]} Nxf3 {[%emt 0:00:00]} 28. Rxf3 {[%emt 0:00:01]} Rfd8 {[%emt 0:00:00]} 29. Rf6 {[%emt 0:00:01]} d5 {[%emt 0:00:02]} 30. c7 {[%emt 0:00:01]} Rd7 {[%emt 0:00:01]} 31. Rf4 {[%emt 0:00:03]} Rc8 {[%emt 0:00:02]} 32. Rfd4 {[%emt 0:00:00]} Rdxc7 {[%emt 0:00:01]} 33. Rxd5 {[%emt 0:00:00]} Rxc2+ {[%emt 0:00:00]} 34. Kb1 {[%emt 0:00:00]} f5 {[%emt 0:00:01]} 35. Rd8+ {[%emt 0:00:02]} Kf7 {[%emt 0:00:00]} 36. R1d7+ {[%emt 0:00:02]} Kf6 {[%emt 0:00:01]} 0-1

[Event "Stay Safe Play From Home 130"]
[Site "T#645803Emanuel Laske"]
[Date "2020.05.07"]
[Round "4"]
[White "Lazieri3"]
[Black "Little champs"]
[Result "1-0"]
[WhiteElo "2033"]
[BlackElo "2199"]
[Annotator "NA"]
[PlyCount "61"]
[EventDate "2020.05.07"]
[EventType "swiss (blitz)"]

1. e4 {[%emt 0:00:01]} c6 {[%emt 0:00:00]} 2. Nc3 {[%emt 0:00:00]} d5 {[%emt 0:00:00]} 3. d4 {[%emt 0:00:01]} dxe4 {[%emt 0:00:01]} 4. Nxe4 {[%emt 0:00:01]} Nf6 {[%emt 0:00:00]} 5. Nxf6+ {[%emt 0:00:01]} exf6 {[%emt 0:00:01]} 6. Nf3 {[%emt 0:00:00]} Be7 {[%emt 0:00:00]} 7. Bf4 {[%emt 0:00:00]} O-O {[%emt 0:00:00]} 8. Bd3 {[%emt 0:00:00]} Bg4 {[%emt 0:00:02]} 9. O-O {[%emt 0:00:01]} Bxf3 {[%emt 0:00:01]} 10. gxf3 {[%emt 0:00:03]} Qxd4 {[%emt 0:00:01]} 11. Bxh7+ {[%emt 0:00:02]} Kxh7 {[%emt 0:00:01]} 12. Qxd4 {[%emt 0:00:00]} Rd8 {[%emt 0:00:01]} 13. Qe4+ {[%emt 0:00:01]} Kg8 {[%emt 0:00:01]} 14. Qxe7 {[%emt 0:00:00]} Nd7 {[%emt 0:00:00]} 15. Bc7 {[%emt 0:00:02]} Ne5 {[%emt 0:00:02]} 16. Bxd8 {[%emt 0:00:02]} Nxf3+ {[%emt 0:00:00]} 17. Kh1 {[%emt 0:00:02]} Nh4 {[%emt 0:00:00]} 18. Qe8+ {[%emt 0:00:03]} Kh7 {[%emt 0:00:01]} 19. Qe4+ {[%emt 0:00:00]} Ng6 {[%emt 0:00:01]} 20. Ba5 {[%emt 0:00:01]} b6 {[%emt 0:00:01]} 21. Bc3 {[%emt 0:00:01]} Rd8 {[%emt 0:00:02]} 22. Rad1 {[%emt 0:00:01]} Rh8 {[%emt 0:00:01]} 23. Rd7 {[%emt 0:00:01]} Rf8 {[%emt 0:00:01]} 24. f4 {[%emt 0:00:02]} Kg8 {[%emt 0:00:03]} 25. f5 {[%emt 0:00:01]} Nh8 {[%emt 0:00:02]} 26. Rg1 {[%emt 0:00:02]} c5 {[%emt 0:00:01]} 27. Bxf6 {[%emt 0:00:01]} g6 {[%emt 0:00:01]} 28. Bxh8 {[%emt 0:00:02]} Kxh8 {[%emt 0:00:01]} 29. fxg6 {[%emt 0:00:01]} fxg6 {[%emt 0:00:01]} 30. Qh4+ {[%emt 0:00:02]} Kg8 {[%emt 0:00:01]} 31. Qh7# {[%emt 0:00:00] (Lag: Av=0.79s, max=1.3s)} 1-0

[Event "Stay Safe Play From Home 130"]
[Site "T#645803Emanuel Laske"]
[Date "2020.05.07"]
[Round "4"]
[White "CastlingArrocco"]
[Black "Edmatuag"]
[Result "0-1"]
[WhiteElo "2010"]
[BlackElo "1627"]
[Annotator "NA"]
[PlyCount "122"]
[EventDate "2020.05.07"]
[EventType "swiss (blitz)"]

1. d4 {[%emt 0:00:01]} d5 {[%emt 0:00:02]} 2. e3 {[%emt 0:00:00]} Nf6 {[%emt 0:00:02]} 3. f4 {[%emt 0:00:00]} g6 {[%emt 0:00:00]} 4. Nf3 {[%emt 0:00:00]} Bg7 {[%emt 0:00:00]} 5. Bd3 {[%emt 0:00:01]} Nc6 {[%emt 0:00:00]} 6. Qe2 {[%emt 0:00:00]} Bg4 {[%emt 0:00:01]} 7. c3 {[%emt 0:00:01]} Ne4 {[%emt 0:00:01]} 8. Nbd2 {[%emt 0:00:01]} f5 {[%emt 0:00:01]} 9. O-O {[%emt 0:00:01]} O-O {[%emt 0:00:03]} 10. Re1 {[%emt 0:00:00]} e6 {[%emt 0:00:01]} 11. h3 {[%emt 0:00:01]} Bxf3 {[%emt 0:00:01]} 12. Nxf3 {[%emt 0:00:00]} Ne7 {[%emt 0:00:03]} 13. Bxe4 {[%emt 0:00:00]} fxe4 {[%emt 0:00:02]} 14. Ne5 {[%emt 0:00:00]} Bxe5 {[%emt 0:00:02]} 15. fxe5 {[%emt 0:00:00]} Nf5 {[%emt 0:00:01]} 16. Qg4 {[%emt 0:00:02]} Qh4 {[%emt 0:00:02]} 17. Qxh4 {[%emt 0:00:02]} Nxh4 {[%emt 0:00:00]} 18. b3 {[%emt 0:00:01]} Nf5 {[%emt 0:00:00]} 19. Ba3 {[%emt 0:00:01]} Ng3 {[%emt 0:00:01]} 20. Bxf8 {[%emt 0:00:02]} Rxf8 {[%emt 0:00:01]} 21. Kh2 {[%emt 0:00:00]} Nf5 {[%emt 0:00:02]} 22. Rf1 {[%emt 0:00:01]} Nxe3 {[%emt 0:00:01]} 23. Rxf8+ {[%emt 0:00:00]} Kxf8 {[%emt 0:00:01]} 24. Re1 {[%emt 0:00:01]} Nf5 {[%emt 0:00:02]} 25. g4 {[%emt 0:00:01]} Ne7 {[%emt 0:00:02]} 26. c4 {[%emt 0:00:00]} c6 {[%emt 0:00:02]} 27. Kg3 {[%emt 0:00:01]} g5 {[%emt 0:00:02]} 28. h4 {[%emt 0:00:01]} h6 {[%emt 0:00:01]} 29. h5 {[%emt 0:00:00]} Kg7 {[%emt 0:00:02]} 30. cxd5 {[%emt 0:00:00]} cxd5 {[%emt 0:00:03]} 31. Rf1 {[%emt 0:00:00]} Nc6 {[%emt 0:00:01]} 32. Rf6 {[%emt 0:00:01]} Nxd4 {[%emt 0:00:01]} 33. Rg6+ {[%emt 0:00:02]} Kf7 {[%emt 0:00:01]} 34. Kf2 {[%emt 0:00:01]} Nf3 {[%emt 0:00:01]} 35. Ke3 {[%emt 0:00:01]} Nxe5 {[%emt 0:00:01]} 36. Rxh6 {[%emt 0:00:01]} Nxg4+ {[%emt 0:00:01]} 37. Kd4 {[%emt 0:00:02]} Nxh6 {[%emt 0:00:00]} 38. Ke3 {[%emt 0:00:02]} Kf6 {[%emt 0:00:00]} 39. a4 {[%emt 0:00:02]} e5 {[%emt 0:00:00]} 40. Kd2 {[%emt 0:00:01]} Kf5 {[%emt 0:00:00]} 41. Kc3 {[%emt 0:00:00]} d4+ {[%emt 0:00:01]} 42. Kd2 {[%emt 0:00:00]} e3+ {[%emt 0:00:01]} 43. Kd3 {[%emt 0:00:01]} Kf4 {[%emt 0:00:00]} 44. Ke2 {[%emt 0:00:00]} e4 {[%emt 0:00:01]} 45. Kd1 {[%emt 0:00:01]} d3 {[%emt 0:00:00]} 46. Kc1 {[%emt 0:00:01]} Kf3 {[%emt 0:00:00]} 47. Kb2 {[%emt 0:00:00]} e2 {[%emt 0:00:00]} 48. Kc3 {[%emt 0:00:00]} e1=Q+ {[%emt 0:00:00]} 49. Kc4 {[%emt 0:00:01]} Qa5 {[%emt 0:00:01]} 50. b4 {[%emt 0:00:04]} d2 {[%emt 0:00:00]} 51. bxa5 {[%emt 0:00:01]} d1=Q {[%emt 0:00:01]} 52. a6 {[%emt 0:00:00]} Qxa4+ {[%emt 0:00:01]} 53. Kc5 {[%emt 0:00:02]} Qxa6 {[%emt 0:00:01]} 54. Kd4 {[%emt 0:00:01]} Qb6+ {[%emt 0:00:00]} 55. Ke5 {[%emt 0:00:00]} a6 {[%emt 0:00:00]} 56. Kd5 {[%emt 0:00:02]} a5 {[%emt 0:00:00]} 57. Ke5 {[%emt 0:00:00]} a4 {[%emt 0:00:00]} 58. Kd5 {[%emt 0:00:01]} a3 {[%emt 0:00:00]} 59. Ke5 {[%emt 0:00:00]} a2 {[%emt 0:00:00]} 60. Kd5 {[%emt 0:00:01]} a1=Q {[%emt 0:00:00]} 61. Kc4 {[%emt 0:00:01]} Qad4# {[%emt 0:00:01] (Lag: Av=0.35s, max=1.2s)} 0-1

[Event "Stay Safe Play From Home 130"]
[Site "T#645803Emanuel Laske"]
[Date "2020.05.07"]
[Round "4"]
[White "EL sanbary"]
[Black "NagaRam"]
[Result "1-0"]
[WhiteElo "1978"]
[BlackElo "1471"]
[Annotator "NA"]
[PlyCount "85"]
[EventDate "2020.05.07"]
[EventType "swiss (blitz)"]

1. c4 {[%emt 0:00:01]} e5 {[%emt 0:00:01]} 2. g3 {[%emt 0:00:00]} Nc6 {[%emt 0:00:01]} 3. Bg2 {[%emt 0:00:01]} Nf6 {[%emt 0:00:01]} 4. Nc3 {[%emt 0:00:01]} Bb4 {[%emt 0:00:03]} 5. Nd5 {[%emt 0:00:02]} Nxd5 {[%emt 0:00:02]} 6. cxd5 {[%emt 0:00:00]} Ne7 {[%emt 0:00:01]} 7. e4 {[%emt 0:00:01]} c6 {[%emt 0:00:01]} 8. Ne2 {[%emt 0:00:00]} cxd5 {[%emt 0:00:01]} 9. exd5 {[%emt 0:00:00]} d6 {[%emt 0:00:02]} 10. O-O {[%emt 0:00:01]} Ng6 {[%emt 0:00:01]} 11. d4 {[%emt 0:00:01]} exd4 {[%emt 0:00:02]} 12. Nxd4 {[%emt 0:00:00]} O-O {[%emt 0:00:01]} 13. Be3 {[%emt 0:00:04]} Bc5 {[%emt 0:00:01]} 14. Rc1 {[%emt 0:00:02]} Bxd4 {[%emt 0:00:01]} 15. Bxd4 {[%emt 0:00:02]} f5 {[%emt 0:00:02]} 16. Bc3 {[%emt 0:00:02]} f4 {[%emt 0:00:01]} 17. Qd4 {[%emt 0:00:01]} Rf7 {[%emt 0:00:03]} 18. Rfe1 {[%emt 0:00:04]} fxg3 {[%emt 0:00:01]} 19. fxg3 {[%emt 0:00:01]} Bg4 {[%emt 0:00:01]} 20. Be4 {[%emt 0:00:03]} Bd7 {[%emt 0:00:03]} 21. Rf1 {[%emt 0:00:01]} Rxf1+ {[%emt 0:00:03]} 22. Rxf1 {[%emt 0:00:00]} Qe7 {[%emt 0:00:01]} 23. Bxg6 {[%emt 0:00:05]} hxg6 {[%emt 0:00:02]} 24. Qd3 {[%emt 0:00:01]} Bh3 {[%emt 0:00:02]} 25. Re1 {[%emt 0:00:04]} Qf7 {[%emt 0:00:02]} 26. Qe3 {[%emt 0:00:02]} Kh7 {[%emt 0:00:04]} 27. Qf4 {[%emt 0:00:01]} Qxf4 {[%emt 0:00:02]} 28. gxf4 {[%emt 0:00:00]} Rf8 {[%emt 0:00:01]} 29. Re4 {[%emt 0:00:02]} g5 {[%emt 0:00:02]} 30. Bd2 {[%emt 0:00:04]} gxf4 {[%emt 0:00:01]} 31. Bxf4 {[%emt 0:00:01]} Kg6 {[%emt 0:00:00]} 32. Rb4 {[%emt 0:00:01]} Kf5 {[%emt 0:00:02]} 33. Kf2 {[%emt 0:00:01]} Kg4 {[%emt 0:00:01]} 34. Ke3 {[%emt 0:00:03]} Re8+ {[%emt 0:00:01]} 35. Kd3 {[%emt 0:00:01]} Rf8 {[%emt 0:00:01]} 36. Bxd6+ {[%emt 0:00:02]} Kf5 {[%emt 0:00:01]} 37. Bxf8 {[%emt 0:00:00]} Kf6 {[%emt 0:00:00]} 38. Kd4 {[%emt 0:00:00]} Kf7 {[%emt 0:00:00]} 39. d6 {[%emt 0:00:00]} Kxf8 {[%emt 0:00:00]} 40. d7 {[%emt 0:00:00]} Ke7 {[%emt 0:00:01]} 41. d8=Q+ {[%emt 0:00:00]} Kxd8 {[%emt 0:00:00]} 42. Rxb7 {[%emt 0:00:00]} Kc8 {[%emt 0:00:01]} 43. Rxa7 {[%emt 0:00:00] Time (Lag: Av=0.61s, max=1.1s)} 1-0

[Event "Stay Safe Play From Home 130"]
[Site "T#645803Emanuel Laske"]
[Date "2020.05.07"]
[Round "4"]
[White "matanant"]
[Black "Mamutones"]
[Result "1-0"]
[WhiteElo "1639"]
[BlackElo "1807"]
[Annotator "NA"]
[PlyCount "97"]
[EventDate "2020.05.07"]
[EventType "swiss (blitz)"]

1. b3 {[%emt 0:00:00]} d5 {[%emt 0:00:01]} 2. Bb2 {[%emt 0:00:00]} c6 {[%emt 0:00:00]} 3. e3 {[%emt 0:00:01]} e6 {[%emt 0:00:00]} 4. f4 {[%emt 0:00:00]} f5 {[%emt 0:00:00]} 5. Nf3 {[%emt 0:00:00]} Nf6 {[%emt 0:00:00]} 6. Be2 {[%emt 0:00:00]} Be7 {[%emt 0:00:00]} 7. O-O {[%emt 0:00:00]} O-O {[%emt 0:00:00]} 8. c4 {[%emt 0:00:00]} Ne4 {[%emt 0:00:01]} 9. d4 {[%emt 0:00:00]} Bd7 {[%emt 0:00:01]} 10. Nbd2 {[%emt 0:00:00]} Be8 {[%emt 0:00:01]} 11. Bd3 {[%emt 0:00:01]} Bg6 {[%emt 0:00:01]} 12. Bxe4 {[%emt 0:00:01]} fxe4 {[%emt 0:00:01]} 13. Ne5 {[%emt 0:00:00]} Be8 {[%emt 0:00:02]} 14. Qe2 {[%emt 0:00:06]} Nd7 {[%emt 0:00:02]} 15. Nxd7 {[%emt 0:00:02]} Qxd7 {[%emt 0:00:01]} 16. Bc3 {[%emt 0:00:00]} Bg6 {[%emt 0:00:02]} 17. c5 {[%emt 0:00:02]} b6 {[%emt 0:00:02]} 18. b4 {[%emt 0:00:01]} a5 {[%emt 0:00:01]} 19. a3 {[%emt 0:00:01]} axb4 {[%emt 0:00:01]} 20. axb4 {[%emt 0:00:01]} b5 {[%emt 0:00:01]} 21. Nb3 {[%emt 0:00:06]} h6 {[%emt 0:00:08]} 22. Na5 {[%emt 0:00:02]} Bd8 {[%emt 0:00:04]} 23. Ra2 {[%emt 0:00:05]} Bxa5 {[%emt 0:00:02]} 24. bxa5 {[%emt 0:00:01]} Qb7 {[%emt 0:00:02]} 25. Rfa1 {[%emt 0:00:03]} Qa6 {[%emt 0:00:02]} 26. Bb4 {[%emt 0:00:03]} Rfb8 {[%emt 0:00:01]} 27. g4 {[%emt 0:00:02]} Be8 {[%emt 0:00:01]} 28. h4 {[%emt 0:00:01]} Kh7 {[%emt 0:00:01]} 29. Kh2 {[%emt 0:00:01]} Qc8 {[%emt 0:00:01]} 30. h5 {[%emt 0:00:01]} Qd8 {[%emt 0:00:00]} 31. Rg1 {[%emt 0:00:02]} Qh4+ {[%emt 0:00:01]} 32. Kg2 {[%emt 0:00:06]} Bxh5 {[%emt 0:00:01]} 33. Rh1 {[%emt 0:00:03]} Qxg4+ {[%emt 0:00:01]} 34. Qxg4 {[%emt 0:00:00]} Bxg4 {[%emt 0:00:01]} 35. Kg3 {[%emt 0:00:00]} Bf3 {[%emt 0:00:00]} 36. Rhh2 {[%emt 0:00:00]} g5 {[%emt 0:00:01]} 37. a6 {[%emt 0:00:01]} gxf4+ {[%emt 0:00:02]} 38. Kxf4 {[%emt 0:00:02]} Rf8+ {[%emt 0:00:01]} 39. Ke5 {[%emt 0:00:00]} Rf5+ {[%emt 0:00:01]} 40. Kd6 {[%emt 0:00:00]} Raf8 {[%emt 0:00:01]} 41. Kxc6 {[%emt 0:00:00]} Bg4 {[%emt 0:00:01]} 42. Kxb5 {[%emt 0:00:00]} R5f7 {[%emt 0:00:00]} 43. a7 {[%emt 0:00:00]} e5 {[%emt 0:00:01]} 44. a8=Q {[%emt 0:00:00]} Bd7+ {[%emt 0:00:01]} 45. Ka5 {[%emt 0:00:02]} Rxa8+ {[%emt 0:00:00]} 46. Kb6 {[%emt 0:00:00]} Rxa2 {[%emt 0:00:03]} 47. c6 {[%emt 0:00:00]} Bc8 {[%emt 0:00:01]} 48. c7 {[%emt 0:00:01]} Rxc7 {[%emt 0:00:01]} 49. Bc5 {[%emt 0:00:00] Tempo (Lag: Av=1.06s, max=5.9s)} 1-0